RULERS OF INDIA (Record no. 442810)

MARC details
000 -LEADER
fixed length control field 00349nam a2200145Ia 4500
008 - FIXED-LENGTH DATA ELEMENTS--GENERAL INFORMATION
fixed length control field 100122s9999 xx 000 0 und d
082 ## - DEWEY DECIMAL CLASSIFICATION NUMBER
Item number 1892
Classification number 923.242
100 ## - MAIN ENTRY--PERSONAL NAME
Personal name AUTHOR TO ENTER
245 ## - TITLE STATEMENT
Title RULERS OF INDIA
260 ## - PUBLICATION, DISTRIBUTION, ETC. (IMPRINT)
Name of publisher, distributor, etc OXFORD UNIVERSITY PRESS
300 ## - PHYSICAL DESCRIPTION
Extent 220
630 ## - SUBJECT ADDED ENTRY--UNIFORM TITLE
Uniform title RULERS OF INDIA
730 ## - ADDED ENTRY--UNIFORM TITLE
Uniform title RULERS OF INDIA
942 ## - ADDED ENTRY ELEMENTS (KOHA)
Koha item type Book
Holdings
Withdrawn status Lost status Damaged status Not for loan Home library Current library Date acquired Cost, normal purchase price Total Checkouts Full call number Barcode Date last seen Cost, replacement price Price effective from Koha item type Public note
        S.V. Pathak Library, Vile Parle S.V. Pathak Library, Vile Parle 01/01/1940 2.00   1892 SVPPARLE-1892 01/25/2010 2.00 01/25/2010 Book General NA